| 000 | 01233nam0a2200313 4500 | ||
|---|---|---|---|
| 001 | RU\NLR\BIBL_A\011458782 | ||
| 005 | 20241105175548.0 | ||
| 010 |
_a9785905763908 _9500 |
||
| 021 |
_aRU _b2017-55466 _93949 |
||
| 035 | _a(RuMoRGB)008947387 | ||
| 035 | _a(NLR Aleph) 011458782 | ||
| 090 |
_a11791430 _c11791430 |
||
| 100 | _a20170821d2017 u y0rusy50 ca | ||
| 101 | 0 | _arus | |
| 102 | _aRU | ||
| 105 | _aachzzz0|||y | ||
| 200 | 1 |
_aМои авторитеты _e[воспоминания] _fЯ. И. Фарбер |
|
| 210 |
_aТамбов _cПринт-Сервис _d2017 |
||
| 215 |
_a97 с. _cил., цв. ил., портр., факс. _d23 |
||
| 300 | _aНа 3-й с. авт.: Я. И. Фарбер, заслуженный врач Российской Федерации, краевед и литератор | ||
| 600 | 1 |
_aФарбер _bЯ.И. _f1929 - 2016 _gЯков Иосифович _92187158 _3RU\NLR\AUTH\6601551009 |
|
| 686 |
_aТ3(2Р-4Т)7-8,013.1 _2rubbk |
||
| 686 |
_aР.д(2)Фарбер Я.И.,0 _2rubbk |
||
| 686 | 1 | _aР.г(2)7д Фарбер | |
| 700 | 1 |
_aФарбер _bЯ. И. _gЯков Иосифович |
|
| 942 | _cBOOK | ||
| 980 | _aNBR | ||